000 00588nam a2200229Ia 4500
003 OSt
005 20221007071933.0
006 a|||||r|||| 00| 0
007 ta
008 221006b |||||||| |||| 00| 0 eng d
024 _a12,704
037 _cTextual
040 _aFLL
_cFLL
_beng
041 _2eng
_aeng
082 _aV3:2:9Z, K8
100 _aDicey A.V. Au.
245 0 _aLaw of the constitution
260 _aLondon
_bMacmillan press London
_c1964
300 _a535p
_ccm.
942 _hV3:2:9Z, K8
_cTEXL
_2CC
999 _c1144722
_d1144722